La iglesia y los obreros (Registro nro. 85383)

Detalles MARC
000 -ENCABEZADO
Número de control [NR] 00954nam a22002297a 4500
008 - DE LONGITUD FIJA DE DATOS DE ELEMENTOS - INFORMACIÓN GENERAL
Elementos de longitud fija [NR] 130821s1942 ck gr spa
040 ## - FUENTE DE CATALOGACION [NR]
Agencia de catalogación original [NR] Co-BoUCM
Idioma de catalogación [NR] spa
041 00 - CODIGO DE IDIOMA [R]
Código de idioma para texto/pista de sonido o título separado [R] Español
092 ## - SIGNATURA TOPOGRAFICA LOCAL
Número de clasificación local FM 000026
245 03 - MENCION DE TITULO [NR]
Título [NR] La iglesia y los obreros
Parte restante del título [NR] las dos ureas encíclicas Rerum Novarum y Quadragesimo Anno de León XIII y Pío XI sobre cuestiones sociales
Mención de responsabilidad, etc. [NR] Iglesia católica
260 ## - PUBLICACION, DISTRIBUCION, ETC. (PIE DE IMPRENTA) [R]
Lugar de publicación, distribución, etc. [R] Bogotá (Colombia)
Nombre del editor, distribuidor, etc. [R] El Mensajero del Corazón de Jesús
Fecha de publicación, distribución, etc. [R] 1842
300 ## - DESCRIPCION FISICA [R]
Extensión [R] 149 páginas
500 ## - NOTA GENERAL [R]
Nota general [NR] Incluye índice. -- Este libro se encuentra en el depósito de la biblioteca
600 ## - ASIENTO SECUNDARIO DE MATERIA - NOMBRE PERSONAL [R]
Nombre personal [NR] León XIII
Títulos y otras palabras asociadas con el nombre [R] Papa
Fechas asociadas con el nombre [NR] 1810-1903
Subdivisión general [R] Encíclicas
9 (RLIN) 149219
600 ## - ASIENTO SECUNDARIO DE MATERIA - NOMBRE PERSONAL [R]
Nombre personal [NR] León XIII
Títulos y otras palabras asociadas con el nombre [R] Papa
Fechas asociadas con el nombre [NR] 1857-1939
9 (RLIN) 149220
600 ## - ASIENTO SECUNDARIO DE MATERIA - NOMBRE PERSONAL [R]
Nombre personal [NR] Pio XI
Títulos y otras palabras asociadas con el nombre [R] Papa
Fechas asociadas con el nombre [NR] 1857-1939
9 (RLIN) 149221
600 ## - ASIENTO SECUNDARIO DE MATERIA - NOMBRE PERSONAL [R]
Nombre personal [NR] Pio XI
Títulos y otras palabras asociadas con el nombre [R] Papa
Fechas asociadas con el nombre [NR] 1857-1939
Subdivisión general [R] Encíclicas
9 (RLIN) 149222
650 04 - ASIENTO SECUNDARIO DE MATERIA - TERMINO TEMATICO [R]
Término temático o nombre geográfico como elemento de entrada [NR] Cartas pontificias
9 (RLIN) 10550
650 04 - ASIENTO SECUNDARIO DE MATERIA - TERMINO TEMATICO [R]
Término temático o nombre geográfico como elemento de entrada [NR] Encíclicas
9 (RLIN) 14172
650 04 - ASIENTO SECUNDARIO DE MATERIA - TERMINO TEMATICO [R]
Término temático o nombre geográfico como elemento de entrada [NR] Iglesia Católica y problemas sociales
9 (RLIN) 7704
942 ## - ELEMENTOS DE ENTRADA AGREGADOS (KOHA)
Tipo de ítem principal el descrito en 300a Libro
Tema principal [No clasificado]
Edición 1
Título oculto en OPAC No
Existencias
Signatura topográfica Código de barras Última vez visto Volúmen / Fascículo Ejemplar Price effective from Tipo de ítem Perdido Sistema de clasificación Dañado No prestable Tipo de ítem específico Suprimido Ubicación habitual Ubicación actual Localización Fecha de creación Forma de adquisición Costo
~ 120054571 12/07/2012 FM 000026 Ej.1 03/02/2013 Libro   LOCAL     Fondos especiales     Archivo Histórico Archivo histórico 28/02/2003 Donación 10000.00